<?xml version="1.0" encoding="UTF-8"?>
<record
    xmlns:xsi="http://www.w3.org/2001/XMLSchema-instance"
    xsi:schemaLocation="http://www.loc.gov/MARC21/slim http://www.loc.gov/standards/marcxml/schema/MARC21slim.xsd"
    xmlns="http://www.loc.gov/MARC21/slim">

  <leader>01983nam a22002057a 4500</leader>
  <controlfield tag="003">DO-SdBNP</controlfield>
  <controlfield tag="005">20220126104557.0</controlfield>
  <controlfield tag="008">220126b1991       ||||| |||| 00| 0 spa d</controlfield>
  <datafield tag="040" ind1=" " ind2=" ">
    <subfield code="a">DO-SdBNP</subfield>
    <subfield code="b">spa</subfield>
    <subfield code="c">BNPHU</subfield>
  </datafield>
  <datafield tag="082" ind1=" " ind2=" ">
    <subfield code="a">F-</subfield>
    <subfield code="b">R426c</subfield>
  </datafield>
  <datafield tag="245" ind1=" " ind2=" ">
    <subfield code="a">Rep&#xFA;blica Dominicana :</subfield>
    <subfield code="b">censo experimental de Villa Altagracia 1990 (informe general y tabulaciones b&#xE1;sicas) ; versi&#xF3;n preliminar /</subfield>
    <subfield code="c">Manuel Rinc&#xF3;n, Bienvenida Rodr&#xED;guez</subfield>
  </datafield>
  <datafield tag="260" ind1=" " ind2=" ">
    <subfield code="a">Santo Domingo :</subfield>
    <subfield code="b">Consejo Nacional de Poblaci&#xF3;n y Familia.</subfield>
    <subfield code="c">1991</subfield>
  </datafield>
  <datafield tag="300" ind1=" " ind2=" ">
    <subfield code="a">53 p. :</subfield>
    <subfield code="b">il. ;</subfield>
    <subfield code="c">28 cm</subfield>
  </datafield>
  <datafield tag="505" ind1=" " ind2=" ">
    <subfield code="a">INFORME METODOLOGICO DEL CENSO EXPERIMENTAL 3|Antecedentes y objetivos del Censo experimental 3|Los objetivos 4|El &#xE1;rea de estudio cubierta por el Censo Experimental 6|El contenido de la boleta 6|Actividades preparatorias del censo 10|El trabajo de campo 12|La revisi&#xF3;n del material en la oficina 12|La vuelta al terreno para confirmar informaci&#xF3;n que presentaba signos de irregularidad 14|Los problemas de omision y mala declaraci&#xF3;n de la fecha de nacimiento del &#xFA;ltimo hijo 14|Consideraciones sobre la investigaci&#xF3;n de la sobrevivencia de hermanas 15|Las preguntas de control sobre posible omisi&#xF3;n de nacimientos ocurridos despu&#xE9;s del &#xFA;ltimo nacido vivo declarado 16|La omisi&#xF3;n y la mala declaraci&#xF3;n de fecha de defunci&#xF3;n 16|Omision de menores de un a&#xF1;o 17|Los resultados en la investigaci&#xF3;n de la fecundidad 17|La declaracion de abortos como fallecidos 17|De los menores registrados en el hogar sin una madre asignable 18|De la experiencia en la identificaci&#xF3;n del informante 18|El procesamiento de los datos 19|Los principales resultados en relaci&#xF3;n a los objetivos 19|RESULTADOS GENERALES Y TABULACIONES BASICAS 21|La vivienda y sus condiciones 21|Caracter&#xED;sticas generales de la poblaci&#xF3;n urbana en Villa Altagracia 21</subfield>
  </datafield>
  <datafield tag="650" ind1=" " ind2=" ">
    <subfield code="a">Rep&#xFA;blica Dominicana</subfield>
    <subfield code="x">Censos</subfield>
    <subfield code="9">81016</subfield>
  </datafield>
  <datafield tag="650" ind1=" " ind2=" ">
    <subfield code="a">Rep&#xFA;blica Dominicana</subfield>
    <subfield code="x">Poblaci&#xF3;n</subfield>
    <subfield code="9">38792</subfield>
  </datafield>
  <datafield tag="700" ind1=" " ind2=" ">
    <subfield code="a">Rinc&#xF3;n, Manuel</subfield>
    <subfield code="9">81017</subfield>
  </datafield>
  <datafield tag="910" ind1=" " ind2=" ">
    <subfield code="a">DG</subfield>
  </datafield>
  <datafield tag="942" ind1=" " ind2=" ">
    <subfield code="2">ddc</subfield>
    <subfield code="c">LBS1</subfield>
  </datafield>
  <datafield tag="952" ind1=" " ind2=" ">
    <subfield code="0">0</subfield>
    <subfield code="1">0</subfield>
    <subfield code="2">ddc</subfield>
    <subfield code="5">1</subfield>
    <subfield code="7">0</subfield>
    <subfield code="8">MO</subfield>
    <subfield code="a">BNPHU</subfield>
    <subfield code="b">PD</subfield>
    <subfield code="c">CT</subfield>
    <subfield code="l">0</subfield>
    <subfield code="o">F- R426c</subfield>
    <subfield code="p">2022-0246</subfield>
    <subfield code="r">2022-01-26</subfield>
    <subfield code="w">2022-01-26</subfield>
    <subfield code="y">LBS1</subfield>
  </datafield>
  <datafield tag="999" ind1=" " ind2=" ">
    <subfield code="c">51228</subfield>
    <subfield code="d">51228</subfield>
  </datafield>
</record>
